| 000 | 01159cad a22002295a 4500 | ||
|---|---|---|---|
| 001 | E143788 | ||
| 008 | 080530s2008 xxkd f s 000 0 eng d | ||
| 035 | _a(Sirsi) u143788 | ||
| 041 | 0 | _aeng | |
| 050 | 0 | 4 | _a333.33 $2 18 |
| 110 | 2 |
_aJones Lang LaSalle _93755 |
|
| 245 | 0 | 0 |
_aGlasgow city report _bSpring 2008 _h[electronic resource] |
| 260 |
_a[Glasgow] _bJones Lang LaSalle _c2008 |
||
| 490 | 0 |
_aJones Lang Lasalle Glasgow City Report _vSpring 2008 |
|
| 520 | _aReports that city centre offices had a very strong year, with take-up increasing by 28% on 2006. A strong 2008 is also predicted. Activity in the retail market was focused on certain locations such as Buchanan Street. Demand for industrial property has been steady. Also looks at the licensed property and leisure sector, and planning and development over the period. | ||
| 590 | _aKA | ||
| 650 | 2 | 4 | _aJONES LANG LASALLE GLASGOW CITY REPORT |
| 651 | 4 | _aGlasgow | |
| 690 | _aPROPERTY-COMMERCIAL PROPERTY-COMMERCIAL PROPERTY MARKET | ||
| 856 | 4 | 0 |
_uhttps://www.joneslanglasalle.co.uk _zView the report free of charge (following registration) at www.joneslanglasalle.co.uk... |
| 942 | _n0 | ||
| 999 |
_c108264 _d108264 |
||